| 000 | 00839nam a2200229Ia 4500 | ||
|---|---|---|---|
| 999 |
_c45404 _d45404 |
||
| 001 | 12228 | ||
| 003 | GE_BSU | ||
| 005 | 20221117162104.0 | ||
| 008 | 181216s2009en xx |||||||||||||| ||eng|| | ||
| 020 | _a9780470084809 x | ||
| 040 | _cGE_BSU | ||
| 041 | _aeng | ||
| 080 | _a005.95/96 H-39 | ||
| 100 |
_aHayes, K.David; _915905 |
||
| 245 |
_aHuman Resources Mangament in the Hospitality Industry / _cK. David Hayes, ,D. Jack Ninemeier. |
||
| 264 |
_aWiley, _c2009. |
||
| 300 |
_a490 p.: _bill .; _c24 cm. |
||
| 653 | _aHuman Resources Mangament in the Hospitality Industry. | ||
| 653 | _aადამიანური რესურსების მენეჯმენტი სტუმართმოყვარეობის ინდუსტრიაში. | ||
| 700 |
_aNinemeier, D. Jack. _915906 |
||
| 942 |
_cBK _2udc |
||